The 12th international conference of problems of material engineering, mechanics and design book of abstracts

Bibliographic Details
Corporate Author: International conference of problems of material engineering, mechanics and design Jasná, Slovensko
Format: Conference Proceeding Book
Language:English
Published: [Púchov Zväz vedeckotechnických spoločností] 2007
Edition:1st ed.
Subjects:

MARC

LEADER 00000nam a2200000 a 4500
001 vtls009161045
003 SK-MaSNL
005 20260301023638.0
008 160208s2007 xo f a 100 0 eng
015 |a SNBA2009/04-01608 
020 |a 9788096972814 (brož.) 
035 |a DC73168D-6138-4E63-B26A-5E15ECB44CE8 
035 |a urn:nbn:sk:snk-amk7jw 
035 |a urn:nbn:sk:snk-am003q1v 
040 |a SNK  |b slo  |c SNK  |e AACR2 
041 0 |a eng 
044 |a xo  |c SK 
072 7 |a 620.1/.2  |x Náuka o materiáli  |2 konspekt 
111 2 |a International conference of problems of material engineering, mechanics and design  |n (12. :  |d 2007 :  |c Jasná, Slovensko)  |9 316357 
245 1 4 |a The 12th international conference of problems of material engineering, mechanics and design  |b book of abstracts 
246 3 |a The twelfth international conference of problems of material engineering, mechanics and design 
250 |a 1st ed. 
260 |a [Púchov  |b Zväz vedeckotechnických spoločností]  |c 2007 
300 |a 127 s.  |c 21 cm 
504 |a Bibliogr. odkazy 
650 0 7 |a materiálové inžinierstvo  |2 SNKPH  |9 4167 
650 0 7 |a mechanika  |2 SNKPH  |9 706 
650 0 7 |a konštrukcia  |2 SNKPH  |9 316358 
655 7 |a zborníky konferencií  |2 SNKPH  |9 70153 
655 7 |a abstrakty  |2 SNKPH  |9 22516 
919 |a 978-80-969728-1-4 
958 |a NB 
958 |a OND 
999 |c 569578  |d 571508 
952 |a SNK  |b SNK  |y PREZ  |7 0  |p 17A0571335  |o snkSC 129928  |i snk2007/25448  |8 0  |0 0  |1 0  |4 0  |d 2007-11-20  |f 1  |l 0  |r 2025-06-18 00:00:00  |w 2026-02-23 
952 |a SNK  |b SNK  |y VYP  |7 0  |p 17A0571283  |o snkSC 129928 D1  |i snk2007/25449  |8 0  |0 0  |1 0  |4 0  |d 2007-11-20  |l 0  |r 2026-02-23 14:11:07  |w 2026-02-23